000 00656nam a2200217Ia 4500
003 OSt
005 20251127112531.0
008 210719s2002 xx 000 0 und d
040 _cAL
041 _aKannada
082 _aK894.1 TIRT
100 _aTIRUMALISHAI ALVAR
_dತಿರುಮಳಿಶೈ ಆಳ್ವಾರ್
_9246971
245 _aTiruchchandaviruttam
_bತಿರುಚ್ಚಂದವಿರುತ್ತಂ
260 _aBengaluru
_bAnanta Prakashana
_c2002
300 _axix,206
_bPB
365 _b130
_cRs
650 _aKannada literature
_9246972
650 _aKannada Poetry
_9246973
906 _aTiruchchandaviruttam
942 _2ddc
_cBK
999 _c215150
_d215150